Datum a čas kvízu
25
Celkem bodů
Celkový počet nahraných bodů na tomto kvízu bez doplňovacích otázek.
6.
Pořadí na kvízu
Konečné umístění týmu na tomto kvízu.
Zaznamenané odpovědi
| # | Otázka | Odpověď | Body | Výsledky |
|---|---|---|---|---|
| 1. | Centrum pro výzkum veřejného m... | 1D 2B 3A 4C | 0 | |
| 2. | Letadlo charterové společnosti... | Edinburgh | 1 | |
| 3. | Čtvrté manželství amerického h... | Nicolas Cage | 1 | |
| 4. | Po Zootu se v problémech ocitá... | Kulina.cz | 0 | |
| 5. | Doplňte jedním slovem dialog,... | popelník | 0 | |
| 6. | Vaším úkolem bude uhodnout kře... | Jan / Stanislav Tříska | 0.5 | |
| 7. | Čtvrté nejčastější příjmení v... | Petr / Pavel / Petra Svoboda | 0 | |
| 8. | Úspěšný kanadský režisér se na... | James / David Cameron | 1 | |
| 9. | Tento anglický herec, držitel... | Clive / Michael Owen | 1 | |
| 10. | Generál (1885–1945) a hudebník... | George, Mike Patton | 0.5 |